Inclusion, Education and Translanguaging (Record no. 9127)
[ view plain ]
| 000 -LEADER | |
|---|---|
| fixed length control field | 00805nam a2200121Ia 4500 |
| 008 - FIXED-LENGTH DATA ELEMENTS--GENERAL INFORMATION | |
| fixed length control field | 220615s9999||||xx |||||||||||||| ||und|| |
| 245 #0 - TITLE STATEMENT | |
| Title | Inclusion, Education and Translanguaging |
| Remainder of title | How to Promote Social Justice in (Teacher) Education? |
| 546 ## - LANGUAGE NOTE | |
| Language note | English[eng] |
| 650 ## - SUBJECT ADDED ENTRY--TOPICAL TERM | |
| Topical term or geographic name entry element | Teaching and Teacher Education||Early Childhood Education||Language Teaching||Education||Bildungsforschung||Educational Research||Migrationsforschung||Leherbildung||Teacher Education||Social Justice||Multilingualism||Inclusive education||Open Access||Teacher training||Early childhood care & education||Language teaching & learning |
| 700 ## - ADDED ENTRY--PERSONAL NAME | |
| Personal name | Panagiotopoulou, Julie A.||Rosen, Lisa||Strzykala, Jenna |
| 856 ## - ELECTRONIC LOCATION AND ACCESS | |
| Uniform Resource Identifier | <a href="https://library.oapen.org/bitstream/20.500.12657/41724/1/2020_Book_InclusionEducationAndTranslang.pdf">https://library.oapen.org/bitstream/20.500.12657/41724/1/2020_Book_InclusionEducationAndTranslang.pdf</a> |
| 942 ## - ADDED ENTRY ELEMENTS (KOHA) | |
| Koha item type | E-Books |
| Withdrawn status | Lost status | Damaged status | Not for loan | Home library | Current library | Date acquired | Total Checkouts | Date last seen | Price effective from | Koha item type |
|---|---|---|---|---|---|---|---|---|---|---|
| Kerala University of Digital Sciences, Innovation and Technology Knowledge Centre | Kerala University of Digital Sciences, Innovation and Technology Knowledge Centre | 15/06/2022 | 15/06/2022 | 15/06/2022 | E-Books |